365 Gems for Holistic Living (Record no. 249485)

MARC details
000 -LEADER
fixed length control field 00439nam a22001697a 4500
008 - FIXED-LENGTH DATA ELEMENTS--GENERAL INFORMATION
fixed length control field 260326b |||||||| |||| 00| 0 eng d
020 ## - INTERNATIONAL STANDARD BOOK NUMBER
International Standard Book Number 81-223-0860-0
082 ## - DEWEY DECIMAL CLASSIFICATION NUMBER
Classification number 158 P4
100 ## - MAIN ENTRY--PERSONAL NAME
Personal name Alan Cohen
245 ## - TITLE STATEMENT
Title 365 Gems for Holistic Living
Remainder of title A Daily Dose of Inspiration
Statement of responsibility, etc Alan Cohen
250 ## - EDITION STATEMENT
Edition statement 1st
260 ## - PUBLICATION, DISTRIBUTION, ETC. (IMPRINT)
Place of publication, distribution, etc Delhi
Name of publisher, distributor, etc Pustak Mahal
Date of publication, distribution, etc 2004
650 ## - SUBJECT ADDED ENTRY--TOPICAL TERM
Form subdivision General
General subdivision General
942 ## - ADDED ENTRY ELEMENTS (KOHA)
Item type Books
Holdings
Withdrawn status Lost status Damaged status Permanent location Current location Shelving location Date acquired Source of acquisition Cost, normal purchase price Full call number Barcode Date last seen Koha item type
      CENTRAL LIBRARY, NOORUL ISLAM CENTRE FOR HIGHER EDUCATION CENTRAL LIBRARY, NOORUL ISLAM CENTRE FOR HIGHER EDUCATION General stacks 03/26/2026 Gift Books 195.00 158 P4 85243 03/26/2026 Books
Visitors:
Copyright © 2024 Central Library NICHE.  All rights reserved.